|
|
|
|
| LEADER |
00000nam0a2200000 4500 |
| 001 |
120534 |
| 005 |
20231101215621.0 |
| 010 |
|
|
|a 5210002829
|
| 035 |
|
|
|a (RuTPU)RU\TPU\book\130518
|
| 090 |
|
|
|a 120534
|
| 100 |
|
|
|a 20070830d1990 m y0rusy50 ca
|
| 101 |
0 |
|
|a rus
|
| 102 |
|
|
|a RU
|
| 105 |
|
|
|a a z 001by
|
| 200 |
1 |
|
|a Драматические сочинения
|f А. П. Сумароков
|g сост. Ю. В. Стенник
|
| 210 |
|
|
|a Ленинград
|c Искусство
|d 1990
|
| 215 |
|
|
|a 479 с.
|c портр.
|
| 225 |
1 |
|
|a Библиотека русской драматургии
|
| 320 |
|
|
|a Словарь устаревших и иноязычных слов и выражений: с. 476-477
|
| 610 |
1 |
|
|a русская литература
|
| 610 |
1 |
|
|a драматургия
|
| 675 |
|
|
|a Р1
|v 3
|
| 700 |
|
1 |
|a Сумароков
|b А. П.
|c русский писатель
|c поэт
|c драматург
|f 1717-1777
|g Александр Петрович
|2 stltpush
|3 (RuTPU)RU\TPU\pers\3751
|9 824
|
| 702 |
|
1 |
|a Стенник
|b Ю. В.
|4 220
|
| 801 |
|
1 |
|a RU
|b 63413507
|c 20070830
|g PSBO
|
| 801 |
|
2 |
|a RU
|b 63413507
|c 20070830
|g PSBO
|
| 942 |
|
|
|c BK
|